| 000 | 00803nam a2200229Ia 4500 | ||
|---|---|---|---|
| 003 | GCL | ||
| 008 | 140319s9999 xx 000 0 ara d | ||
| 040 |
_aGCL / _cGCL |
||
| 082 | 0 | 4 |
_a411.1 _bم ع |
| 100 | 1 | _aشاكر الفحام | |
| 245 | 1 | 0 |
_aعلم التعمية واستخراج المعمى عند العرب: الجزء الاول دراسة وتحقيق لرسائل الكندى وابن الدريهم / _cشاكر الفحام |
| 700 | 1 | _aمحمد مراياتى | |
| 700 | 1 | _aمحمد حسان الطيان | |
| 260 |
_a[S.N] : _bمطبوعات مجمع اللغة العربية |
||
| 300 | _a436 ص | ||
| 490 | _a | ||
| 650 | 0 | 4 | _aالالفاظ |
| 650 | 0 | 4 | _aاللغة العربية |
| 650 | 0 | 4 | _aالبلاغة العربية |
| 650 | 0 | 4 | _aالحروف |
| 942 |
_2ddc _cBK |
||
| 999 |
_c32666 _d32666 |
||